000 00369nam a2200169Ia 4500
100 _aMahesh Kavi
650 _aComputation
942 _cBK
366 _f25
654 _acomputation
245 _aTheory of computation:Problem solving approach
260 _bWiley
_c2012
082 _a5.131
_bMAH
300 _a342
546 _aENGLISH
_cComputers
999 _c31360
_d31360